Представление документа в формате MARC21

ПолеНазваниеЗначение
  Тип записи a
  Библиографический уровень m
001 Контрольный номер RU\infra-m\znanium\bibl\2235356
005 Дата корректировки 20260429142210.7
008 Кодируемые данные 260120s2025 RU g rus u
020 Индекс ISBN __
a ISBN 978-5-9614-2584-0
040 Источник каталогиз. __
a Служба первич. каталог. Общество с ограниченной ответственностью «ЗНАНИУМ»
041 Код языка издания __
a Код языка текста rus
044 Код страны публикации __
a Код страны публикации RU
080 Индекс УДК __
a Индекс УДК 316
084 Индекс другой классификации/Индекс ББК __
2 Источник индекса rubbk
a Индекс другой классификации/Индекс ББК 605
084 Индекс другой классификации/Индекс ББК __
2 Источник индекса okso
a Индекс другой классификации/Индекс ББК 37.03.01
084 Индекс другой классификации/Индекс ББК __
2 Источник индекса okso
a Индекс другой классификации/Индекс ББК 37.03.02
084 Индекс другой классификации/Индекс ББК __
2 Источник индекса okso
a Индекс другой классификации/Индекс ББК 37.04.01
084 Индекс другой классификации/Индекс ББК __
2 Источник индекса okso
a Индекс другой классификации/Индекс ББК 37.04.02
084 Индекс другой классификации/Индекс ББК __
2 Источник индекса okso
a Индекс другой классификации/Индекс ББК 39.03.01
084 Индекс другой классификации/Индекс ББК __
2 Источник индекса okso
a Индекс другой классификации/Индекс ББК 39.04.01
100 Автор __
a Автор Садреева Д.
q Полное имя Садреева Диана
245 Заглавие __
a Заглавие Ты не виновата: Почему домашнее насилие — это не про любовь
b Продолж. заглавия Практическое пособие
250 Сведения об издании __
a Основные сведения об издании 1
260 Выходные данные __
a Место издания Москва
b Издательство ООО "Альпина Паблишер"
c Дата издания 2026
300 Физическое описание __
a Объем 244 с.
520 Аннотация __
a Аннотация Что делать если вам вашим близким подругам или коллегам прямо или косвенно пришлось столкнуться с домашним насилием? В ваших руках - мощный инструмент противодействия абьюзу жизненно необходимое практическое руководство. Автор книги журналист Диана Садреева в течение полутора лет общалась с жертвами домашнего насилия правозащитниками активистами движения за права женщин и сотрудниками фондов помощи изучила огромный массив юридических документов чтобы помочь людям осознать что такое домашнее насилие в чем его опасность и как найти в себе силы прервать разрушительные отношения даже если это кажется невозможным. В основу книги легли 50 интервью автора с жертвами домашнего насилия. Вы узнаете какие есть пути выхода из сложившейся ситуации как правильно подготовиться к решению проблемы какие шаги предпринять. Вы получите информацию о фондах поддержки о взаимодействии с официальными органами власти и о том как изменить существующее положение раз и навсегда.
521 Примеч. о цел. назн. __
a Примеч. о целев. назн. Дополнительное профессиональное образование
650 Тематические рубрики __
a Основная рубрика Психология
x Основная подрубрика Популярная литература по психологии
650 Тематические рубрики __
a Основная рубрика Политика. Социология
x Основная подрубрика Гендерная социология
655 Указ. предметных рубрик (устаревшее) __
a Жанр/ форма (устаревшее) Практическое пособие
856 Электронный адрес документа 4_
a Имя сервера/домена znanium.ru
m Помощь ebs_support@infra-m.ru
n Местонахождение сервера НИЦ ИНФРА-М
u URL https://znanium.ru/catalog/document?id=473625
856 Электронный адрес документа 48
a Имя сервера/домена znanium.ru
d Путь /cover/2235
f Электронное имя 2235356.jpg
q Тип электронного формата image/jpeg
u URL https://znanium.ru/cover/2235/2235356.jpg
911 __
u 0030=https://znanium.ru/catalog/document?id=473625